ARRUPE JESUIT UNIVERSITY

CORONAVIRUS -STOP THE SPREAD - CLEAN,DISINFECT,COVER

World meeting Jesuits and philosophy (Record no. 125270)

MARC details
000 -LEADER
fixed length control field 00647nam a22001817a 4500
005 - DATE AND TIME OF LATEST TRANSACTION
control field 20160923095646.0
008 - FIXED-LENGTH DATA ELEMENTS--GENERAL INFORMATION
fixed length control field 160919b xxu||||| |||| 00| 0 eng d
050 ## - LIBRARY OF CONGRESS CALL NUMBER
Classification number B20.W927
100 ## - MAIN ENTRY--PERSONAL NAME
Personal name Vila-Chao, Joao J. (ed.)
9 (RLIN) 25906
245 ## - TITLE STATEMENT
Title World meeting Jesuits and philosophy
Statement of responsibility, etc edited by Vila-Chao, Joao J., Caruana, Luis and Watzka, Heinrich
260 ## - PUBLICATION, DISTRIBUTION, ETC. (IMPRINT)
Place of publication, distribution, etc Frankfurt
Name of publisher, distributor, etc philosophisch-Theologische Hochschule
Date of publication, distribution, etc 2007
300 ## - PHYSICAL DESCRIPTION
Extent 200p.;
Dimensions 30cm.
650 ## - SUBJECT ADDED ENTRY--TOPICAL TERM
Topical term or geographic name as entry element Philosophy
9 (RLIN) 25907
General subdivision Congresses
700 ## - ADDED ENTRY--PERSONAL NAME
Personal name Caruana, Luis (ed.)
9 (RLIN) 26101
700 ## - ADDED ENTRY--PERSONAL NAME
Personal name Jesuits and Philosophy
9 (RLIN) 26102
700 ## - ADDED ENTRY--PERSONAL NAME
Personal name Watzka, Heinrich (ed.)
9 (RLIN) 26103
942 ## - ADDED ENTRY ELEMENTS (KOHA)
Source of classification or shelving scheme Library of Congress Classification
Item type Monograph ( Printed materials)
Holdings
Withdrawn status Lost status Source of classification or shelving scheme Damaged status Not for loan Collection code Home library Current library Shelving location Date acquired Total Checkouts Full call number Barcode Date last seen Price effective from Koha item type
    Library of Congress Classification     Main Collection ARRUPE LIBRARY ARRUPE LIBRARY Main Collection 19/09/2016   B20.W927 46500010120 19/09/2016 19/09/2016 Monograph ( Printed materials)

 

Arrupe Library. PO Box MP320 Mt Pleasant, Harare, Zimbabwe
263 242 745411|librarian@aju.ac.zw